[Event "DEM U14 2014"]
[Site "Magdeburg GER"]
[Date "2014.06.09"]
[Round "3"]
[White "Nguyen, Anh Van"]
[Black "Gutschenreiter, Dorian"]
[Result "0-1"]
[Termination "normal"]
[Board "21"]
[WhiteElo "1610"]
[BlackElo "1855"]
[PlyCount "100"]
[WhiteFideId "12908223"]
[BlackFideId "12956996"]
[EventCountry "GER"]
[EventRounds "9"]
[EventType "swiss"]
[EventDate "2014.06.07"]

1. e4 c5 2. Nc3 d6 3. g3 Nf6 4. Bg2 Nc6 5. d3 g6 6. h3 Bg7 7. Be3 O-O 8. Qd2
Rb8 9. Bh6 b5 10. Bxg7 Kxg7 11. a3 a5 12. Nge2 Qb6 13. Nf4 e6 14. h4 h5 15. Bf3
Rh8 16. Nxh5+ Nxh5 17. Bxh5 Rxh5 18. g4 Nd4 19. O-O-O Rh6 20. h5 b4 21. hxg6
Rxg6 22. Qf4 bxc3 23. Rh7+ Kxh7 24. Qxf7+ Kh6 25. g5+ Kh5 26. Qh7+ Kxg5 27.
Rg1+ Kf4 28. Qh2+ Kf3 29. Qh3+ Kxf2 30. Qh2+ Ke3 31. Re1+ Ne2+ 32. Qxe2+ Kd4
33. bxc3+ Kxc3 34. Qd2+ Kd4 35. Qf2+ Ke5 36. Rf1 Qb1+ 37. Kd2 Qxf1 38. Qxf1 Bd7
39. Qf2 Rh8 40. Kc3 d5 41. exd5 exd5 42. Qf7 d4+ 43. Kb2 Rb8+ 44. Kc1 Rg1+ 45.
Kd2 Bg4 46. Qc7+ Kd5 47. Qf7+ Kc6 48. Qf6+ Kb7 49. Qf7+ Ka6 50. Qf6+ Rb6 0-1

[Event "DEM U14 2014"]
[Site "Magdeburg GER"]
[Date "2014.06.09"]
[Round "3"]
[White "Alekhanov, Jannis"]
[Black "Jurga, Jonas Vincent"]
[Result "1-0"]
[Termination "normal"]
[Board "22"]
[WhiteElo "1801"]
[BlackElo "1722"]
[PlyCount "40"]
[WhiteFideId "12921238"]
[BlackFideId "12968013"]
[EventCountry "GER"]
[EventRounds "9"]
[EventType "swiss"]
[EventDate "2014.06.07"]

1. e4 c5 2. Nf3 d6 3. d4 cxd4 4. Nxd4 Nf6 5. Nc3 a6 6. Bg5 e6 7. f4 Be7 8. Qf3
Qc7 9. O-O-O Nbd7 10. Bd3 b5 11. Rhe1 Bb7 12. Nd5 Nxd5 13. exd5 Bxd5 14. Qxd5
exd5 15. Rxe7+ Kf8 16. Bf5 Rd8 17. Be6 f6 18. Rf7+ Ke8 19. Rxg7 Qc5 20. Bf7+
Ke7 1-0

[Event "DEM U14 2014"]
[Site "Magdeburg GER"]
[Date "2014.06.09"]
[Round "3"]
[White "Abdurakhimov, Peter"]
[Black "Schamber, Dennis"]
[Result "1-0"]
[Termination "normal"]
[Board "23"]
[WhiteElo "1784"]
[BlackElo "1560"]
[PlyCount "120"]
[WhiteFideId "12979694"]
[BlackFideId "12952176"]
[EventCountry "GER"]
[EventRounds "9"]
[EventType "swiss"]
[EventDate "2014.06.07"]

1. e4 d6 2. Nf3 Nf6 3. d3 g6 4. g3 Bg7 5. Bg2 c6 6. O-O b5 7. Re1 O-O 8. c3 a5
9. a3 Na6 10. e5 Ng4 11. exd6 exd6 12. h3 Nf6 13. Nd4 d5 14. Nxc6 Qb6 15. Ne7+
Kh8 16. Nxd5 Nxd5 17. Bxd5 Rb8 18. Bf4 Nc7 19. Bg2 Be6 20. Nd2 Rbd8 21. d4 Nd5
22. Be3 Nxe3 23. fxe3 b4 24. axb4 axb4 25. Rc1 bxc3 26. bxc3 f5 27. Kh2 Bd5 28.
Bxd5 Rxd5 29. Qb3 Rb5 30. Qd1 Re8 31. Qa4 Rb8 32. Rb1 Rxb1 33. Rxb1 Qc7 34.
Rxb8+ Qxb8 35. Qb4 Qe8 36. Nc4 h5 37. Ne5 Bxe5 38. dxe5 Qxe5 39. Qd4 Qg7 40.
Kg2 Kg8 41. Qxg7+ Kxg7 42. Kf3 Kf6 43. e4 g5 44. exf5 Kxf5 45. c4 Ke5 46. Ke3
h4 47. g4 Kd6 48. Kd4 Kc6 49. Ke5 Kc5 50. Kf5 Kxc4 51. Kxg5 Kd5 52. Kxh4 Ke6
53. Kg5 Kf7 54. Kh6 Kg8 55. Kg6 Kh8 56. h4 Kg8 57. h5 Kh8 58. h6 Kg8 59. g5 Kh8
60. Kf7 Kh7 1-0

[Event "DEM U14 2014"]
[Site "Magdeburg GER"]
[Date "2014.06.09"]
[Round "3"]
[White "Visvikis, Christos"]
[Black "Bureik, Nicolas"]
[Result "1-0"]
[Termination "normal"]
[Board "24"]
[WhiteElo "1723"]
[BlackElo "1513"]
[PlyCount "57"]
[WhiteFideId "12967955"]
[BlackFideId "12971863"]
[EventCountry "GER"]
[EventRounds "9"]
[EventType "swiss"]
[EventDate "2014.06.07"]

1. e4 d5 2. exd5 Qxd5 3. Nc3 Qd6 4. d4 Nf6 5. Nf3 g6 6. Nb5 Qd8 7. c4 c6 8. Nc3
Be6 9. Be2 Na6 10. O-O Bg7 11. h3 Nc7 12. Be3 O-O 13. Qd2 Re8 14. Rad1 Qd7 15.
Ng5 Red8 16. Nxe6 Qxe6 17. Rfe1 Qd7 18. Qc2 a6 19. Na4 Qe8 20. Nb6 Rab8 21. Bf4
Ne6 22. Bxb8 Rxb8 23. d5 cxd5 24. Nxd5 Nxd5 25. cxd5 Rc8 26. Qb1 Nf4 27. Bf3
Qd8 28. Qe4 e5 29. dxe6 1-0

[Event "DEM U14 2014"]
[Site "Magdeburg GER"]
[Date "2014.06.10"]
[Round "4"]
[White "Kololli, Martin"]
[Black "Kitze, Alexander"]
[Result "1-0"]
[Termination "normal"]
[Board "2"]
[WhiteElo "2056"]
[BlackElo "2058"]
[WhiteClock "00:38:53"]
[BlackClock "00:29:56"]
[PlyCount "101"]
[WhiteFideId "12936910"]
[BlackFideId "12914827"]
[EventCountry "GER"]
[EventRounds "9"]
[EventType "swiss"]
[EventDate "2014.06.07"]

1. e4 c5 2. c3 Nf6 3. e5 Nd5 4. d4 cxd4 5. Nf3 d6 6. Bc4 e6 7. cxd4 Nc6 8. O-O
Be7 9. a3 O-O 10. Qe2 Bd7 11. Qe4 Na5 12. Bd3 f5 13. exf6 Nxf6 14. Qh4 Nb3 15.
Bg5 Nxa1 16. Bxf6 Bxf6 17. Qxh7+ Kf7 18. Nbd2 Rh8 19. Qg6+ Kg8 20. Rxa1 Qe8 21.
Qg3 Qe7 22. Re1 Rh5 23. Bg6 Rh6 24. Be4 Bh4 25. Nxh4 Rxh4 26. Nf3 Rh5 27. Qg4
Rh6 28. Ng5 Rf8 29. Re3 Rff6 30. h4 Qf8 31. Nh3 Qf7 32. Qg5 Qh5 33. Rg3 Qxg5
34. hxg5 Rxh3 35. Rxh3 Rf4 36. f3 e5 37. Bd5+ Kf8 38. Rh8+ Ke7 39. dxe5 dxe5
40. Rg8 Kd6 41. Bxb7 Rf7 42. Be4 Be6 43. Rd8+ Kc7 44. Rd2 Re7 45. Kf2 Kb6 46.
Ke3 Kc5 47. Rc2+ Kb6 48. b4 Kb5 49. Rc5+ Ka4 50. Ra5+ Kb3 51. Rxe5 1-0

[Event "DEM U14 2014"]
[Site "Magdeburg GER"]
[Date "2014.06.10"]
[Round "4"]
[White "Schmidek, Emil"]
[Black "Höglauer, Patrick"]
[Result "1-0"]
[Termination "normal"]
[Board "3"]
[WhiteElo "2038"]
[BlackElo "2069"]
[WhiteClock "00:16:22"]
[BlackClock "00:43:16"]
[PlyCount "117"]
[WhiteFideId "12908150"]
[BlackFideId "1270548"]
[EventCountry "GER"]
[EventRounds "9"]
[EventType "swiss"]
[EventDate "2014.06.07"]

1. e4 d5 2. exd5 Qxd5 3. Nc3 Qd6 4. d4 c6 5. Be2 Nf6 6. Nf3 Bg4 7. Ne5 Bxe2 8.
Nxe2 Nbd7 9. Bf4 Qd5 10. O-O Nxe5 11. Bxe5 e6 12. Nf4 Qd7 13. c4 Bd6 14. Bxf6
gxf6 15. Nh5 O-O-O 16. Nxf6 Qc7 17. Qh5 Qe7 18. Qf3 h5 19. d5 Be5 20. Ne4 exd5
21. Qf5+ Kb8 22. Ng5 f6 23. Rae1 Rhg8 24. Ne6 Rde8 25. cxd5 cxd5 26. Nf4 Qg7
27. g3 h4 28. Nh5 Qh6 29. Qf3 hxg3 30. fxg3 Rh8 31. g4 Qd2 32. Re2 Bd4+ 33.
Ref2 Bxf2+ 34. Rxf2 Qg5 35. Kg2 Re3 36. Qf4+ Qxf4 37. Nxf4 d4 38. Nd5 Reh3 39.
Kg1 d3 40. Nxf6 Rxh2 41. Ne4 Rh1+ 42. Kg2 Re1 43. Nc5 Rd8 44. Rd2 Rd5 45. Nb3
Re3 46. Kf2 Rde5 47. Nc1 Rh3 48. Nxd3 Rh2+ 49. Kf3 Rxd2 50. Nxe5 Rxb2 51. g5
Rxa2 52. g6 Rd2 53. g7 Rd8 54. Nd7+ Kc7 55. Nf8 Rd3+ 56. Kf4 Rd4+ 57. Kf5 Rd5+
58. Kf6 Rd6+ 59. Ke7 1-0

[Event "DEM U14 2014"]
[Site "Magdeburg GER"]
[Date "2014.06.10"]
[Round "4"]
[White "Pallas, Sebastian"]
[Black "Buckels, Valentin"]
[Result "0-1"]
[Termination "normal"]
[Board "4"]
[WhiteElo "2004"]
[BlackElo "2102"]
[WhiteClock "00:19:51"]
[BlackClock "00:33:38"]
[PlyCount "50"]
[WhiteFideId "12905453"]
[BlackFideId "12942766"]
[EventCountry "GER"]
[EventRounds "9"]
[EventType "swiss"]
[EventDate "2014.06.07"]

1. e4 e5 2. Nf3 Nc6 3. d4 exd4 4. Nxd4 Bb4+ 5. c3 Bc5 6. Nxc6 bxc6 7. Nd2 Ne7
8. Nb3 Bb6 9. Qe2 O-O 10. Be3 Re8 11. O-O-O Ng6 12. Bxb6 axb6 13. Kb1 Qe7 14.
f3 d5 15. Re1 dxe4 16. fxe4 c5 17. g3 Ne5 18. Nd2 Be6 19. b3 c4 20. bxc4 b5 21.
Nb3 bxc4 22. Nd4 Reb8+ 23. Ka1 Nd3 24. Rb1 Rxb1+ 25. Kxb1 Qa3 0-1

[Event "DEM U14 2014"]
[Site "Magdeburg GER"]
[Date "2014.06.10"]
[Round "4"]
[White "Langer, Simon"]
[Black "Vogel, Roven"]
[Result "0-1"]
[Termination "normal"]
[Board "5"]
[WhiteElo "1881"]
[BlackElo "2270"]
[WhiteClock "00:18:26"]
[BlackClock "00:55:02"]
[PlyCount "90"]
[WhiteFideId "12950386"]
[BlackFideId "12908088"]
[EventCountry "GER"]
[EventRounds "9"]
[EventType "swiss"]
[EventDate "2014.06.07"]

1. e4 c5 2. Nf3 d6 3. d4 cxd4 4. Nxd4 Nf6 5. Nc3 Nc6 6. Bc4 e6 7. O-O Be7 8.
Be3 O-O 9. h3 a6 10. a4 Bd7 11. Nxc6 Bxc6 12. f3 Qc7 13. Qe2 Rac8 14. Bb3 Nd7
15. Rad1 Bf6 16. Nd5 exd5 17. exd5 Bxa4 18. Bxa4 b5 19. Bb3 Bxb2 20. c4 bxc4
21. Qxb2 Qb7 22. Rb1 cxb3 23. Qxb3 Qa8 24. Bf4 Nc5 25. Qb6 Qxd5 26. Bxd6 Rc6
27. Qxc6 Qxc6 28. Bxf8 Kxf8 29. Rb8+ Ke7 30. Re1+ Ne6 31. Reb1 Qc5+ 32. Kh1 h5
33. Ra8 Qc6 34. Ra7+ Kf6 35. Rbb7 Nd8 36. Rc7 Qb6 37. Rd7 h4 38. Ra8 Nc6 39.
Re8 Ne5 40. Rd1 Kf5 41. f4 Nd3 42. Kh2 Qd6 43. Re2 Qxf4+ 44. Kg1 Qd4+ 45. Kh2
Qc4 0-1

[Event "DEM U14 2014"]
[Site "Magdeburg GER"]
[Date "2014.06.10"]
[Round "4"]
[White "Gungl, Theo"]
[Black "Nguyen, Huy Dat"]
[Result "1-0"]
[Termination "normal"]
[Board "6"]
[WhiteElo "2066"]
[BlackElo "1921"]
[WhiteClock "00:14:40"]
[BlackClock "00:21:12"]
[PlyCount "149"]
[WhiteFideId "24695653"]
[BlackFideId "12923486"]
[EventCountry "GER"]
[EventRounds "9"]
[EventType "swiss"]
[EventDate "2014.06.07"]

1. e4 c5 2. Nf3 d6 3. d4 Nf6 4. Nc3 cxd4 5. Nxd4 a6 6. Bg5 e6 7. f4 Be7 8. Qf3
Qc7 9. O-O-O Nbd7 10. Bd3 h6 11. Bh4 g5 12. fxg5 Ne5 13. Qe2 Nfg4 14. Nf3 hxg5
15. Bg3 Bd7 16. h3 Nf6 17. Nxe5 dxe5 18. Rhf1 O-O-O 19. Rf3 Rh6 20. Bf2 Nh5 21.
g3 Nf6 22. Be3 Rg6 23. g4 Bc6 24. Qf2 Rd7 25. Bb6 Qb8 26. Bc5 Bd8 27. Rf1 Qc7
28. Kb1 Kb8 29. a4 b6 30. Bxb6 Qxb6 31. Qxb6+ Bxb6 32. Rxf6 Rxf6 33. Rxf6 Kb7
34. b3 Be3 35. Rf1 Bd2 36. Ne2 Kb6 37. Ng1 a5 38. Nf3 Bf4 39. Ne1 Kc5 40. c3
Rd8 41. Bc2 Rd2 42. Rf2 Bxe4 43. Rxd2 Bxd2 44. Bxe4 Bxe1 45. Kc2 Bf2 46. Kd2
Bg3 47. Ke2 Bf4 48. Bh7 Kd5 49. Kd3 f6 50. b4 axb4 51. cxb4 f5 52. gxf5 e4+ 53.
Ke2 exf5 54. Bxf5 Kc4 55. b5 Kb4 56. Bxe4 Kxa4 57. b6 Kb5 58. b7 Kb6 59. Kf3
Kc7 60. h4 Bc1 61. h5 Bd2 62. Kg4 Bc1 63. h6 Bb2 64. Kxg5 Bc1+ 65. Kg6 Bxh6 66.
Kxh6 Kb8 67. Kg6 Kc7 68. Kf5 Kb8 69. Ke6 Kc7 70. Ke7 Kb8 71. Kd7 Ka7 72. Kc7
Ka6 73. b8=Q Ka5 74. Bc2 Ka6 75. Qb6# 1-0

[Event "DEM U14 2014"]
[Site "Magdeburg GER"]
[Date "2014.06.10"]
[Round "4"]
[White "Lagunow, Raphael"]
[Black "Stein, Robert"]
[Result "1-0"]
[Termination "normal"]
[Board "7"]
[WhiteElo "2066"]
[BlackElo "1891"]
[WhiteClock "00:17:15"]
[BlackClock "00:29:23"]
[PlyCount "75"]
[WhiteFideId "24652644"]
[BlackFideId "12921084"]
[EventCountry "GER"]
[EventRounds "9"]
[EventType "swiss"]
[EventDate "2014.06.07"]

1. e4 e5 2. Nf3 Nc6 3. Bc4 Bc5 4. b4 Bxb4 5. c3 Be7 6. d4 Na5 7. Nxe5 Nxc4 8.
Nxc4 d5 9. exd5 Qxd5 10. Ne3 Qa5 11. O-O Nf6 12. c4 O-O 13. Bb2 c6 14. Nd2 Rd8
15. Nb3 Qh5 16. Qxh5 Nxh5 17. g3 b5 18. Rfc1 Be6 19. Na5 Rdc8 20. d5 cxd5 21.
cxb5 Nf6 22. Nc6 Kf8 23. a4 Rc7 24. Be5 Rb7 25. Bd4 a6 26. Na5 Rd7 27. b6 Bd8
28. b7 Rb8 29. Rc8 Rdxb7 30. Rxd8+ Rxd8 31. Nxb7 Rc8 32. Nc5 a5 33. Rb1 Ke7 34.
Kg2 Kd6 35. Rb6+ Rc6 36. Nb7+ Kc7 37. Rxc6+ Kxc6 38. Nxa5+ 1-0

[Event "DEM U14 2014"]
[Site "Magdeburg GER"]
[Date "2014.06.10"]
[Round "4"]
[White "Spitzl, Vinzent"]
[Black "Ovsepyan, Arshak"]
[Result "0-1"]
[Termination "normal"]
[Board "8"]
[WhiteElo "1904"]
[BlackElo "2013"]
[WhiteClock "00:09:25"]
[BlackClock "00:56:32"]
[PlyCount "52"]
[WhiteFideId "12901253"]
[BlackFideId "24690236"]
[EventCountry "GER"]
[EventRounds "9"]
[EventType "swiss"]
[EventDate "2014.06.07"]

1. e4 e6 2. d4 d5 3. e5 c5 4. c3 Nc6 5. Nf3 Bd7 6. a3 f6 7. b4 fxe5 8. b5 Nxd4
9. cxd4 exd4 10. Be2 Bd6 11. O-O e5 12. Nxe5 Bxe5 13. Bf3 Qc7 14. Bg5 Nf6 15.
Bh5+ g6 16. f4 gxh5 17. fxe5 Bg4 18. Qe1 Ne4 19. Bf6 Rg8 20. Nd2 Bh3 21. Nxe4
dxe4 22. Qh4 Bxg2 23. Rf2 Bf3+ 24. Kf1 Qf7 25. Rxf3 exf3 26. Kf2 Qg6 0-1

[Event "DEM U14 2014"]
[Site "Magdeburg GER"]
[Date "2014.06.10"]
[Round "4"]
[White "Reuker, Jari"]
[Black "Fieberg, Samuel"]
[Result "1/2-1/2"]
[Termination "normal"]
[Board "9"]
[WhiteElo "1867"]
[BlackElo "1978"]
[PlyCount "98"]
[WhiteFideId "12909300"]
[BlackFideId "12901717"]
[EventCountry "GER"]
[EventRounds "9"]
[EventType "swiss"]
[EventDate "2014.06.07"]

1. e4 c5 2. Nf3 d6 3. d4 cxd4 4. Nxd4 Nf6 5. Nc3 a6 6. Bg5 e6 7. f4 h6 8. Bh4
Qb6 9. Bxf6 gxf6 10. Qd2 Qxb2 11. Nb3 Qa3 12. Be2 h5 13. O-O Nd7 14. Rad1 Qb4
15. Kh1 Nc5 16. Nxc5 Qxc5 17. Na4 Qc7 18. Rf3 b5 19. Nb2 Bb7 20. Rc3 Qd8 21.
Qe3 Rc8 22. Rxc8 Qxc8 23. c4 b4 24. Bf3 Qc7 25. Qb3 a5 26. Nd3 Be7 27. Rf1 h4
28. h3 Rg8 29. f5 Rg3 30. fxe6 fxe6 31. Qa4+ Bc6 32. Qc2 Qb7 33. Nf4 f5 34.
Nxe6 Bxe4 35. Bxe4 Qxe4 36. Qa4+ Kf7 37. Nf4 Qxc4 38. Qd1 Bf6 39. Qh5+ Kg7 40.
Qd1 Rg5 41. Qf3 Qe4 42. Nh5+ Kg6 43. Qxe4 fxe4 44. Nxf6 Rf5 45. Rxf5 Kxf5 46.
Nd5 Ke6 47. Nf4+ Kf5 48. Nd5 Ke6 49. Nf4+ Kf5 1/2-1/2

[Event "DEM U14 2014"]
[Site "Magdeburg GER"]
[Date "2014.06.10"]
[Round "4"]
[White "Martin, Julian"]
[Black "Tiedemann, Fin Niklas"]
[Result "1-0"]
[Termination "normal"]
[Board "10"]
[WhiteElo "1952"]
[BlackElo "1618"]
[PlyCount "71"]
[WhiteFideId "12941000"]
[BlackFideId "12936936"]
[EventCountry "GER"]
[EventRounds "9"]
[EventType "swiss"]
[EventDate "2014.06.07"]

1. e4 e5 2. Nf3 Nc6 3. Nc3 Nf6 4. d4 exd4 5. Nxd4 Bb4 6. Nxc6 bxc6 7. Bd3 O-O
8. O-O Re8 9. Qf3 h6 10. e5 Bxc3 11. bxc3 Rxe5 12. Qg3 d6 13. Qf3 Bd7 14. c4
Rb8 15. Bd2 d5 16. Bc3 Re8 17. cxd5 Nxd5 18. Bd4 a5 19. c3 Qg5 20. Bc4 Be6 21.
Rfe1 Rbd8 22. h3 Bd7 23. a3 Re6 24. Rxe6 Bxe6 25. Re1 Rb8 26. Bd3 Rb3 27. Qe4
g6 28. Bc4 Rxa3 29. Qb1 Nb6 30. Bxe6 fxe6 31. Rxe6 Kf7 32. Rxc6 Nd5 33. c4 Ne7
34. Rf6+ Kg8 35. Qe1 Rxh3 36. Qe6+ 1-0

[Event "DEM U14 2014"]
[Site "Magdeburg GER"]
[Date "2014.06.10"]
[Round "4"]
[White "Poghosyan, Tigran"]
[Black "Rätzke von Stoyentin, Steffen"]
[Result "1-0"]
[Termination "normal"]
[Board "11"]
[WhiteElo "2026"]
[BlackElo "1882"]
[PlyCount "85"]
[WhiteFideId "12909319"]
[BlackFideId "12907502"]
[EventCountry "GER"]
[EventRounds "9"]
[EventType "swiss"]
[EventDate "2014.06.07"]

1. e4 e5 2. Nf3 Nf6 3. Nxe5 d6 4. Nf3 Nxe4 5. d4 d5 6. Bd3 Nc6 7. O-O Bd6 8.
Re1 O-O 9. Bxe4 dxe4 10. Rxe4 Bf5 11. Re1 Nb4 12. Na3 Qf6 13. Bg5 Qg6 14. Qd2
f6 15. Bf4 Nxc2 16. Nxc2 Bxc2 17. b3 Ba3 18. Qc3 Qd3 19. Qxd3 Bxd3 20. Re3 Bb5
21. b4 Bxb4 22. Rb1 a5 23. a3 g5 24. Bg3 g4 25. Nh4 f5 26. Bf4 Bd2 27. Rxb5
Rad8 28. Nxf5 Bxe3 29. fxe3 c6 30. Nh6+ Kg7 31. Rxb7+ Kg6 32. Nxg4 c5 33. Rb6+
Kf5 34. Nf2 h5 35. g3 Rf6 36. Rxf6+ Kxf6 37. Ne4+ Kf5 38. Nxc5 Kg4 39. Kg2 h4
40. h3+ Kh5 41. gxh4 Rg8+ 42. Bg5 Rg6 43. Nd3 1-0

[Event "DEM U14 2014"]
[Site "Magdeburg GER"]
[Date "2014.06.10"]
[Round "4"]
[White "Bergauz, Noam"]
[Black "Herbrig, Alexander"]
[Result "0-1"]
[Termination "normal"]
[Board "12"]
[WhiteElo "2147"]
[BlackElo "1886"]
[PlyCount "130"]
[WhiteFideId "12938033"]
[BlackFideId "12952044"]
[EventCountry "GER"]
[EventRounds "9"]
[EventType "swiss"]
[EventDate "2014.06.07"]

1. e4 c5 2. Nf3 e6 3. d4 cxd4 4. Nxd4 a6 5. Bd3 Qc7 6. O-O Nf6 7. c4 Be7 8. Nc3
O-O 9. Qe2 d6 10. Kh1 Nc6 11. Be3 Ne5 12. h3 Nxd3 13. Qxd3 Bd7 14. Rac1 Rac8
15. b3 Rfd8 16. Rfd1 h6 17. f4 Qa5 18. a4 Bc6 19. b4 Qxb4 20. Rb1 Qa5 21. Nxc6
Rxc6 22. Rxb7 Nd7 23. e5 d5 24. Nxd5 exd5 25. cxd5 Rc3 26. Qe4 Nc5 27. Bxc5
Qxc5 28. d6 Bf8 29. Kh2 Qc6 30. Qxc6 Rxc6 31. Rc7 Rb6 32. Rd5 Rb4 33. f5 f6 34.
d7 fxe5 35. Rc8 Be7 36. Rxe5 Kf7 37. Re6 Rxa4 38. Rxd8 Bxd8 39. Re8 Bc7+ 40.
Kg1 Rd4 41. Ra8 Rxd7 42. Rxa6 Bg3 43. Kf1 Re7 44. Ra1 Kf6 45. Ra6+ Kxf5 46.
Ra5+ Kf4 47. Ra4+ Re4 48. Ra1 h5 49. Rb1 g5 50. Ra1 h4 51. Rb1 Ke5 52. Rb5+ Kd6
53. Rb1 Kc5 54. Rc1+ Kb4 55. Rb1+ Kc3 56. Rc1+ Kb2 57. Rd1 Kc2 58. Ra1 Re5 59.
Kg1 Re1+ 60. Rxe1 Bxe1 61. Kh2 Kd2 62. Kh1 Ke2 63. Kg1 Bf2+ 64. Kh2 Kf1 65. Kh1
Bg1 0-1

[Event "DEM U14 2014"]
[Site "Magdeburg GER"]
[Date "2014.06.10"]
[Round "4"]
[White "Greßmann, Moritz"]
[Black "Dallinger, Moritz"]
[Result "1-0"]
[Termination "normal"]
[Board "13"]
[WhiteElo "1963"]
[BlackElo "1544"]
[PlyCount "61"]
[WhiteFideId "24695084"]
[BlackFideId "12910864"]
[EventCountry "GER"]
[EventRounds "9"]
[EventType "swiss"]
[EventDate "2014.06.07"]

1. e4 c5 2. Nf3 e6 3. d3 Qc7 4. g3 a6 5. Bg2 Be7 6. O-O b5 7. Nc3 Bb7 8. a4 b4
9. Nb1 d6 10. Nbd2 Nd7 11. Nc4 Ngf6 12. Bf4 O-O 13. e5 Ne8 14. exd6 Nxd6 15.
Re1 Nb6 16. Nxb6 Qxb6 17. Ne5 Bxg2 18. Kxg2 Nf5 19. f3 Rfd8 20. a5 Qb5 21. Nc4
Nd4 22. c3 Nc6 23. Nb6 Ra7 24. c4 Qxa5 25. Rxa5 Nxa5 26. Qa4 Nb7 27. Bc7 Rf8
28. Nd7 Rc8 29. Bb8 Ra8 30. Nb6 Bd8 31. Qe8# 1-0

[Event "DEM U14 2014"]
[Site "Magdeburg GER"]
[Date "2014.06.10"]
[Round "4"]
[White "Piskaykin, Bogdan"]
[Black "Nothnagel, Marian Can"]
[Result "0-1"]
[Termination "normal"]
[Board "14"]
[WhiteElo "1672"]
[BlackElo "1790"]
[PlyCount "96"]
[WhiteFideId "12941212"]
[BlackFideId "12921530"]
[EventCountry "GER"]
[EventRounds "9"]
[EventType "swiss"]
[EventDate "2014.06.07"]

1. d4 Nf6 2. c4 g6 3. Nc3 Bg7 4. Bg5 O-O 5. e3 d6 6. Nf3 Nbd7 7. Be2 c6 8. O-O
Qc7 9. Nd2 h6 10. Bh4 e5 11. d5 cxd5 12. cxd5 a6 13. Rc1 Qb8 14. a4 b6 15. b4
Bb7 16. Nc4 g5 17. Bg3 Ne8 18. f4 Nef6 19. fxe5 dxe5 20. e4 Bc8 21. Ne3 Re8 22.
Nf5 Nf8 23. Nxh6+ Bxh6 24. Rxf6 Bg7 25. Rf1 Ng6 26. Bg4 Qd6 27. Na2 Bd7 28. Qf3
Nf4 29. Bxd7 Qxd7 30. Bxf4 exf4 31. Rc6 Qe7 32. Re1 Bd4+ 33. Kh1 Qe5 34. Nc1
Qxd5 35. Rh6 Rac8 36. Qg4 Rc3 37. Rh5 Bf6 38. h4 Rxe4 39. Rd1 Rd4 40. Re1 f3
41. Re8+ Kg7 42. Rh7+ Kxh7 43. Qh5+ Kg7 44. Qh8+ Kg6 45. Qg8+ Kf5 46. Qh7+ Kg4
47. hxg5 Rxc1+ 48. Kh2 Be5+ 0-1

[Event "DEM U14 2014"]
[Site "Magdeburg GER"]
[Date "2014.06.10"]
[Round "4"]
[White "Rieß, Alexander"]
[Black "Alekhanov, Jannis"]
[Result "1/2-1/2"]
[Termination "normal"]
[Board "15"]
[WhiteElo "1856"]
[BlackElo "1801"]
[PlyCount "60"]
[WhiteFideId "12953326"]
[BlackFideId "12921238"]
[EventCountry "GER"]
[EventRounds "9"]
[EventType "swiss"]
[EventDate "2014.06.07"]

1. d4 d5 2. c4 e6 3. Nf3 Nf6 4. g3 Nbd7 5. Bg2 c6 6. O-O Be7 7. Qc2 O-O 8. Nbd2
Re8 9. Re1 Qb6 10. b3 c5 11. Bb2 cxd4 12. Bxd4 Bc5 13. e3 e5 14. Bxc5 Qxc5 15.
Rac1 Nb6 16. Qb2 Qe7 17. cxd5 Nfxd5 18. Ne4 Bf5 19. Nh4 Bxe4 20. Bxe4 g6 21.
Red1 Red8 22. Nf3 f6 23. Qe2 Qb4 24. Bxd5+ Rxd5 25. Rxd5 Nxd5 26. Rc4 Qd6 27.
Nd2 Kg7 28. Ne4 Qd7 29. Nc5 Qe7 30. Rc1 Rc8 1/2-1/2

[Event "DEM U14 2014"]
[Site "Magdeburg GER"]
[Date "2014.06.10"]
[Round "4"]
[White "Abdurakhimov, Peter"]
[Black "Ramien, David"]
[Result "0-1"]
[Termination "normal"]
[Board "16"]
[WhiteElo "1784"]
[BlackElo "1883"]
[PlyCount "114"]
[WhiteFideId "12979694"]
[BlackFideId "12948241"]
[EventCountry "GER"]
[EventRounds "9"]
[EventType "swiss"]
[EventDate "2014.06.07"]

1. e4 g6 2. Nf3 Bg7 3. g3 d6 4. Bg2 Nf6 5. d3 O-O 6. O-O c5 7. Re1 Nbd7 8. Nbd2
Rb8 9. Nf1 b5 10. h3 Bb7 11. c3 Re8 12. g4 Nf8 13. Bd2 Ne6 14. Ng3 Nd7 15. Nh2
Ne5 16. Be3 c4 17. d4 Nd3 18. Re2 b4 19. Rc2 Ba6 20. Ne2 Bb5 21. Nc1 bxc3 22.
Nxd3 cxd3 23. Rxc3 Nxd4 24. Bxd4 Bxd4 25. Rb3 Qd7 26. Nf3 Bg7 27. Qd2 Bc4 28.
Rb4 Rxb4 29. Qxb4 Qb5 30. Qxb5 Bxb5 31. Bf1 Rc8 32. Rd1 Rc2 33. Bxd3 Bxd3 34.
Rxd3 Bxb2 35. Rd2 Rc1+ 36. Kg2 Bc3 37. Re2 Kg7 38. Nh2 a5 39. Nf1 a4 40. Ne3 e6
41. Rc2 Rxc2 42. Nxc2 d5 43. exd5 exd5 44. Kf3 Kf6 45. Ke3 Kg5 46. Kf3 Kf6 47.
Ke3 d4+ 48. Nxd4 Bxd4+ 49. Kxd4 Kg5 50. Ke3 Kh4 51. f4 h6 52. f5 gxf5 53. gxf5
Kxh3 54. Kf3 Kh4 55. Kf4 Kh5 56. a3 f6 57. Ke4 Kg4 0-1

[Event "DEM U14 2014"]
[Site "Magdeburg GER"]
[Date "2014.06.10"]
[Round "4"]
[White "Schnabel, Bennett"]
[Black "Müller, Elias"]
[Result "1/2-1/2"]
[Termination "normal"]
[Board "18"]
[WhiteElo "1715"]
[BlackElo "1686"]
[PlyCount "65"]
[WhiteFideId "12943290"]
[BlackFideId "12917133"]
[EventCountry "GER"]
[EventRounds "9"]
[EventType "swiss"]
[EventDate "2014.06.07"]

1. e4 c5 2. Nf3 d6 3. d4 Nf6 4. Nc3 cxd4 5. Nxd4 a6 6. Be3 e5 7. Nb3 Be7 8. f3
h5 9. Bc4 Nbd7 10. Qd2 Nb6 11. Be2 Be6 12. O-O-O Rc8 13. h3 Nc4 14. Bxc4 Rxc4
15. g4 b5 16. g5 Nd7 17. Qg2 Qc7 18. Rd2 Nb6 19. Bxb6 Qxb6 20. h4 g6 21. Rhd1
O-O 22. Nd5 Bxd5 23. Rxd5 Rfc8 24. R5d2 Qe3 25. Kb1 Qf4 26. Qf2 f6 27. gxf6
Qxf6 28. Rg1 Kh7 29. Qg3 Rg8 30. Rh1 Rf8 31. Rg1 Rg8 32. Rh1 Rf8 33. Rg1
1/2-1/2

[Event "DEM U14 2014"]
[Site "Magdeburg GER"]
[Date "2014.06.10"]
[Round "4"]
[White "Perekhozhuk, Maksym"]
[Black "Hofmann, Rares"]
[Result "1-0"]
[Termination "normal"]
[Board "19"]
[WhiteElo "1759"]
[BlackElo "1890"]
[PlyCount "67"]
[WhiteFideId "12914860"]
[BlackFideId "12976440"]
[EventCountry "GER"]
[EventRounds "9"]
[EventType "swiss"]
[EventDate "2014.06.07"]

1. e4 e5 2. Nf3 Nc6 3. Bc4 Bc5 4. d3 Nf6 5. O-O O-O 6. c3 d5 7. exd5 Nxd5 8.
Nbd2 Nb6 9. Bb5 Bd6 10. Nc4 Nxc4 11. Bxc4 Bg4 12. Qe2 Kh8 13. h3 Bh5 14. Qe3
Bxf3 15. Qxf3 f5 16. Bd5 Qd7 17. Re1 Rf6 18. Bg5 Rg6 19. h4 Rf8 20. Bd2 Rg4 21.
h5 e4 22. dxe4 fxe4 23. Bxc6 bxc6 24. Qh3 Rf3 25. Qh1 Bh2+ 26. Qxh2 Qxd2 27.
Rf1 e3 28. fxe3 Qxe3+ 29. Kh1 Rf2 30. Rae1 Rxf1+ 31. Rxf1 h6 32. Qh3 Qg5 33.
Rf8+ Kh7 34. Qd3+ 1-0

[Event "DEM U14 2014"]
[Site "Magdeburg GER"]
[Date "2014.06.10"]
[Round "4"]
[White "Lai Hop, Long"]
[Black "Niermann, Tristan"]
[Result "0-1"]
[Termination "normal"]
[Board "20"]
[WhiteElo "1660"]
[BlackElo "1819"]
[PlyCount "74"]
[WhiteFideId "12942707"]
[BlackFideId "12990698"]
[EventCountry "GER"]
[EventRounds "9"]
[EventType "swiss"]
[EventDate "2014.06.07"]

1. e4 e5 2. Nf3 Nc6 3. Bb5 a6 4. Ba4 Nf6 5. d3 d6 6. c3 g6 7. O-O Bg7 8. Nbd2
O-O 9. Re1 Ne8 10. Nf1 f5 11. d4 fxe4 12. Rxe4 d5 13. Bg5 Bf6 14. Bxf6 Rxf6 15.
dxe5 dxe4 16. Qxd8 Nxd8 17. exf6 Nxf6 18. N3d2 Bf5 19. Re1 Nf7 20. Ng3 Nd6 21.
c4 c5 22. b4 Rc8 23. a3 Kf8 24. Bb3 b5 25. cxb5 c4 26. Nxf5 gxf5 27. Nxc4 Nxc4
28. Rc1 axb5 29. a4 Nd5 30. axb5 Ndb6 31. g3 Ke7 32. Kg2 Ne3+ 33. fxe3 Rxc1 34.
Bg8 h6 35. Bh7 Kf6 36. Bg8 Rb1 37. Ba2 Rb2+ 0-1